00830nam a2200169 a 450000100100000000500170001000800410002704000250006808200160009311000770010924501590018626000700034530000290041559000260044495201730047099900170064300003053820200930062352.0110523s1932 dr c r 000 | spa d aDO-SdBNPbspacBNPHU axxxxbR426d1 aRepública Dominicana.bPresidente (1930-1938 : Trujillo Molina)95716110aDiscurso del hon. Presidente de la República, general Rafael L. Trujillo Molina, al inaugurar oficialmente el Ateneo Dominicanio el 23 de enero de 1932. a[Ciudad Trujillo, República Dominicana] :bLa Opinión,c1932. a76 p. :bretr. ;c18 cm. aInventariado, 2018/LP 001050718RVaPDbPDcCTd2011-05-23iLF1l0oxxxx R426dp30538-10r2020-06-25w2020-06-25y1zPerteneció a la biblioteca personal de Martínez Boog.ZNo se presta c30030d30030